000 00620nam a2200253Ia 4500
008 160525s9999||||xx |||||||||||||| ||und||
040 _cEnglish
082 _aXV.G/Mussolini
082 _bBORI-41646
100 _aRichard Child
245 _aBenito Mussolini My Autobiography
300 _a252
300 _cA
300 _ePaperback
530 _u00041646.pdf
563 _aRef
600 _aRichard Child
630 _aBenito Mussolini My Autobiography
650 _aBiography
650 _aReference
700 _aRichard Child
730 _aBenito Mussolini My Autobiography
942 _cBOOK
999 _c1379001
_d1378998